[Event "AUTO-MASTER-1244"]
[Site "http://www.queenalice.com/game.php?id=845629"]
[Date "2010.10.14"]
[Round "1"]
[White "Hakkinen"]
[Black "Paulo2008"]
[Result "0-1"]
[WhiteElo "1956"]
[BlackElo "1938"]

1. d4 d6 2. c4 Nf6 3. Nc3 c6 4. e4 Bg4 5. f3 Bh5 6. Nge2 Nbd7 7. Nf4 Bg6 8. Nxg6
hxg6 9. Bf4 e5 10. dxe5 dxe5 11. Bg5 Be7 0-1

[Event "AUTO-MASTER-1244"]
[Site "http://www.queenalice.com/game.php?id=845630"]
[Date "2010.10.14"]
[Round "1"]
[White "Paulo2008"]
[Black "Hakkinen"]
[Result "1-0"]
[WhiteElo "1920"]
[BlackElo "1974"]

1. d4 d5 2. Nf3 Nf6 3. e3 c6 4. Nbd2 g6 5. Bd3 Bg7 6. O-O O-O 7. Re1 Bg4 8. Be2
Nbd7 9. c3 Nb6 10. Ne5 Bxe2 11. Qxe2 Ne4 12. Ndf3 1-0

[Event "AUTO-MASTER-1244"]
[Site "http://www.queenalice.com/game.php?id=845643"]
[Date "2010.10.14"]
[Round "1"]
[White "andreavb"]
[Black "Paulo2008"]
[Result "1-0"]
[WhiteElo "2140"]
[BlackElo "1927"]

1. e4 e6 2. d4 d5 3. exd5 exd5 4. Bd3 Bd6 5. Qf3 Nf6 6. h3 Qe7+ 7. Ne2 O-O 8.
O-O c6 9. Bg5 Be6 10. c3 Nbd7 11. Nd2 Bc7 12. Rfe1 Rfe8 13. Nf4 Qd6 14. g3 Rac8
15. Re2 Bb8 16. Rae1 h6 17. Nxe6 Rxe6 18. Bf4 Qe7 19. Be3 Re8 20. Bf5 Rxe3 21.
Rxe3 Qd8 22. Rxe8+ Nxe8 23. Qe3 Nef6 24. Qe7 Qc8 25. Bxd7 Nxd7 26. Nf3 Nf6 27.
Ne5 Bxe5 28. Rxe5 a6 29. Kg2 Ne4 30. g4 Ng5 31. f3 Ne6 32. Rf5 1-0

[Event "AUTO-MASTER-1244"]
[Site "http://www.queenalice.com/game.php?id=845644"]
[Date "2010.10.14"]
[Round "1"]
[White "Paulo2008"]
[Black "andreavb"]
[Result "1/2-1/2"]
[WhiteElo "1986"]
[BlackElo "2141"]

1. d4 d6 2. Nf3 Nd7 3. Bf4 c6 4. e4 Qc7 5. Bd3 e5 6. dxe5 dxe5 7. Bg3 Ngf6 8.
Nbd2 Bc5 9. O-O O-O 10. Nb3 Bb6 11. Qe2 Re8 12. Nh4 Nf8 13. Rad1 Bg4 14. Nf3 Ng6
15. Rde1 Rad8 16. h3 Bh5 17. Nbd2 Nf4 18. Bxf4 exf4 19. Qd1 Ba5 20. Re2 Bxd2 21.
Rxd2 Bxf3 22. Qxf3 Nxe4 23. Re2 Nf6 24. Rfe1 Rxe2 25. Rxe2 Qd6 26. Kf1 Qd4 27.
Rd2 Qxb2 28. Bxh7+ Kxh7 29. Rxd8 Qxc2 30. Qxf4 Qb1+ 31. Ke2 Qxa2+ 32. Kf3 Qb1
33. Qh4+ Kg6 34. Qg3+ Kf5 35. Qf4+ Kg6 36. Qg3+ Kf5 37. Qf4+ 1/2-1/2

[Event "AUTO-MASTER-1244"]
[Site "http://www.queenalice.com/game.php?id=845653"]
[Date "2010.10.14"]
[Round "1"]
[White "Paulo2008"]
[Black "Joe_Boyd"]
[Result "0-1"]
[WhiteElo "1879"]
[BlackElo "1956"]

1. d4 e6 2. Nf3 Nf6 3. Bg5 Be7 4. Nbd2 O-O 5. e3 d6 6. Bd3 Nbd7 7. O-O b6 8. c3
c5 9. Re1 Qc7 10. e4 Bb7 11. Qe2 Rae8 12. Rad1 h6 13. Bh4 Nh7 14. Bg3 e5 15. d5
f5 16. exf5 Bxd5 17. c4 Bc6 18. Bc2 Bg5 19. Be4 Rf6 20. Bxc6 Qxc6 21. Ne4 Rxf5
22. Nxd6 Ref8 23. Nxf5 Rxf5 24. Bxe5 Nxe5 25. Nxe5 Qc8 26. Ng6 Kf7 27. Ne5+ Kg8
28. Nf3 Nf6 29. Nxg5 Rxg5 30. g3 Qf5 31. Rd8+ Kh7 32. Rdd1 Qh3 33. Qc2+ Rg6 34.
Rd6 h5 0-1

[Event "AUTO-MASTER-1244"]
[Site "http://www.queenalice.com/game.php?id=845654"]
[Date "2010.10.14"]
[Round "1"]
[White "Joe_Boyd"]
[Black "Paulo2008"]
[Result "0-1"]
[WhiteElo "1969"]
[BlackElo "1992"]

1. e4 e6 2. d4 d5 3. e5 c5 4. Nf3 Qb6 5. b3 Nc6 6. Bd3 Bd7 7. Bf4 cxd4 8. O-O
Nge7 9. Ng5 Ng6 10. Bxg6 hxg6 11. Qf3 Be7 12. Nd2 Bxg5 13. Bxg5 Nxe5 14. Qg3 Nc6
15. Nf3 Rc8 16. Rad1 a6 17. Qf4 Qc7 18. Qd2 f6 19. Bh4 g5 20. Bg3 e5 21. Nxd4
Nxd4 22. Qxd4 exd4 23. Bxc7 Rxc7 24. Rfe1+ Kf7 25. Rxd4 Bc6 26. Re3 Re7 0-1

[Event "AUTO-OPEN-2194"]
[Site "http://www.queenalice.com/game.php?id=871326"]
[Date "2010.12.13"]
[Round "1"]
[White "GRANMMAESTRO"]
[Black "Paulo2008"]
[Result "0-1"]
[WhiteElo "1748"]
[BlackElo "1864"]

1. e4 e6 2. Nf3 d5 3. exd5 exd5 4. d4 Nf6 5. Nc3 Be7 6. Bd3 O-O 7. O-O Bg4 8. h3
Bh5 9. Bf4 c6 10. Be2 Nbd7 11. Ne5 Bxe2 12. Qxe2 Re8 13. Rae1 Bb4 14. Qf3 Bxc3
15. Qxc3 Ne4 16. Qf3 Ndf6 17. c3 Qe7 18. Qd3 Nd7 19. f3 Nef6 20. Nxc6 Qxe1 21.
Rxe1 Rxe1+ 22. Kf2 Rae8 23. Nxa7 R1e2+ 24. Qxe2 Rxe2+ 25. Kxe2 Kf8 26. Be5 Nb6
27. Bxf6 gxf6 28. b3 Ke7 29. Nb5 Kd7 30. Ke3 Ke6 31. Kf4 h6 32. Kg4 Nc8 33. Nc7+
Kd6 34. Ne8+ Ke7 35. Ng7 Kf8 0-1

[Event "AUTO-OPEN-2194"]
[Site "http://www.queenalice.com/game.php?id=871327"]
[Date "2010.12.13"]
[Round "1"]
[White "Paulo2008"]
[Black "GRANMMAESTRO"]
[Result "1-0"]
[WhiteElo "1875"]
[BlackElo "1737"]

1. d4 d5 2. Nf3 Bf5 3. Bf4 e6 4. e3 Nf6 5. Nbd2 Bd6 6. Bg3 c5 7. c3 O-O 8. Be2
Nc6 9. O-O c4 10. Re1 Qc7 11. Bxd6 Qxd6 12. Nh4 Be4 13. Nhf3 b5 14. h3 h6 15.
Nh2 a5 16. f3 Bh7 17. Bf1 b4 18. e4 dxe4 19. fxe4 bxc3 20. bxc3 Qg3 21. e5 Nd7
22. Rc1 Nb6 23. Bxc4 Bf5 24. Ndf3 Nxc4 25. Qb3 Bxh3 26. Rc2 Rfc8 27. Qxc4 Nxe5
28. Qe2 Nxf3+ 29. Qxf3 Qxf3 30. Nxf3 Bf5 31. Rcc1 Rab8 32. Re2 Rc4 33. Ne5 Rc7
34. Nf3 1-0

[Event "AUTO-OPEN-2194"]
[Site "http://www.queenalice.com/game.php?id=871350"]
[Date "2010.12.13"]
[Round "1"]
[White "Paulo2008"]
[Black "arrabi"]
[Result "0-1"]
[WhiteElo "2006"]
[BlackElo "2051"]

1. d4 d5 2. Nf3 Bf5 3. Bf4 h5 4. e3 e6 5. Be2 f6 6. Nbd2 g5 7. Bg3 h4 8. Bxh4
gxh4 9. h3 Nc6 10. c3 e5 11. dxe5 fxe5 12. Qb3 Qd7 13. Bb5 Bg7 14. O-O-O O-O-O
15. Rhe1 Nge7 16. e4 Be6 17. exd5 Bxd5 18. Qa4 Qf5 19. c4 Bxf3 20. Nxf3 Bh6+ 21.
Nd2 Rxd2 22. Rxd2 Rd8 23. Re2 Nd4 24. Qxa7 Nxe2+ 25. Kd1 Rxd2+ 0-1

[Event "AUTO-OPEN-2194"]
[Site "http://www.queenalice.com/game.php?id=871351"]
[Date "2010.12.13"]
[Round "1"]
[White "arrabi"]
[Black "Paulo2008"]
[Result "1-0"]
[WhiteElo "1981"]
[BlackElo "2024"]

1. e4 e6 2. d4 d5 3. e5 c5 4. c3 Qb6 5. Nf3 Nc6 6. b3 Nge7 7. Be3 Nf5 8. g4 Nxe3
9. fxe3 cxd4 10. exd4 Be7 11. Bg2 Bd7 12. O-O h5 13. g5 g6 14. h4 a5 15. a4 Bd8
16. Na3 Ne7 17. c4 dxc4 18. Nxc4 Qa6 19. Nd6+ Kf8 20. Nd2 Bc7 21. Rxf7+ 1-0

[Event "AUTO-OPEN-2194"]
[Site "http://www.queenalice.com/game.php?id=871352"]
[Date "2010.12.13"]
[Round "1"]
[White "Paulo2008"]
[Black "kiteflyer"]
[Result "0-1"]
[WhiteElo "1985"]
[BlackElo "1744"]

1. d4 f5 2. Nf3 Nf6 3. Bf4 d6 4. e3 g6 5. Bd3 Bg7 6. Nbd2 O-O 7. O-O Nc6 8. c3
Kh8 9. Re1 a6 10. Qc2 Qe8 11. e4 e6 12. exf5 gxf5 13. Bxf5 exf5 14. Rxe8 Rxe8
15. Re1 Rxe1+ 16. Nxe1 Nd5 17. Bg5 Nf6 18. Bxf6 Bxf6 19. Nd3 Ne7 20. Nf4 Bd7 21.
Nh5 Rf8 22. Nf3 Be8 23. Nxf6 Rxf6 24. Qd2 Rg6 25. Qf4 Re6 26. Qh6 Rxh6 0-1

[Event "AUTO-OPEN-2194"]
[Site "http://www.queenalice.com/game.php?id=871353"]
[Date "2010.12.13"]
[Round "1"]
[White "kiteflyer"]
[Black "Paulo2008"]
[Result "1-0"]
[WhiteElo "1848"]
[BlackElo "1959"]

1. c4 e6 2. Nf3 d5 3. g3 Nf6 4. Bg2 Bd6 5. d4 c6 6. O-O O-O 7. b3 Re8 8. Bb2
Nbd7 9. Nbd2 e5 10. cxd5 cxd5 11. dxe5 Nxe5 12. Nxe5 Bxe5 13. Bxe5 Rxe5 14. Nc4
Re8 15. Ne3 Be6 16. Qd4 a6 17. Rac1 Rc8 18. Rxc8 Qxc8 19. Nxd5 Nxd5 20. Bxd5 Qd7
21. e4 Rd8 22. Rd1 Bxd5 23. Qxd5 Qxd5 24. Rxd5 Rxd5 25. exd5 Kf8 26. Kg2 Ke7 27.
Kf3 Kd6 28. Ke4 g6 29. b4 1-0

[Event "AUTO-ADV-2003"]
[Site "http://www.queenalice.com/game.php?id=871479"]
[Date "2010.12.13"]
[Round "1"]
[White "GameOver"]
[Black "Paulo2008"]
[Result "1-0"]
[WhiteElo "1782"]
[BlackElo "1885"]

1. d4 d5 2. Nf3 Nf6 3. Bg5 e6 4. e3 Be7 5. Bd3 O-O 6. Nbd2 Nbd7 7. O-O Re8 8.
Re1 c6 9. c3 Qc7 10. Qc2 a6 11. e4 dxe4 12. Nxe4 c5 13. Nxf6+ Nxf6 14. Bxf6 Bxf6
15. Bxh7+ Kh8 16. Be4 Bd7 17. dxc5 Qxc5 18. Bxb7 Rab8 19. Be4 Bc6 20. Bxc6 Qxc6
21. Rad1 Rbd8 22. Rxd8 Rxd8 23. Qe2 1-0

[Event "AUTO-ADV-2003"]
[Site "http://www.queenalice.com/game.php?id=871480"]
[Date "2010.12.13"]
[Round "1"]
[White "Paulo2008"]
[Black "GameOver"]
[Result "0-1"]
[WhiteElo "1865"]
[BlackElo "1802"]

1. d4 d5 2. Nf3 Nf6 3. e3 Bg4 4. Be2 e6 5. O-O Bd6 6. Nc3 c6 7. Re1 Nbd7 8. h3
Bh5 9. Nb1 O-O 10. c4 Qe7 11. Nc3 Rfe8 12. cxd5 cxd5 13. Qb3 Nb6 14. Bd2 Rac8
15. Rac1 Bb4 16. Ne5 Bxe2 17. Rxe2 h6 18. Ree1 Bxc3 19. Bxc3 Ne4 20. Kf1 Nxc3
21. Rxc3 Rxc3 22. Qxc3 f6 23. Ng6 Qf7 0-1

[Event "AUTO-ADV-2003"]
[Site "http://www.queenalice.com/game.php?id=871497"]
[Date "2010.12.13"]
[Round "1"]
[White "Paulo2008"]
[Black "kiteflyer"]
[Result "0-1"]
[WhiteElo "1939"]
[BlackElo "1868"]

1. d4 f5 2. Nf3 Nf6 3. Bf4 d6 4. e3 g6 5. Bd3 Bg7 6. Nbd2 O-O 7. O-O Nc6 8. c3
Kh8 9. Re1 a6 10. Qc2 Qe8 11. e4 fxe4 12. Nxe4 Nxe4 13. Bxe4 Rxf4 14. g3 Rf8 15.
Nd2 Bf5 16. Bxf5 Rxf5 17. Ne4 e5 18. dxe5 Rxe5 19. Qd2 Rxe4 20. Rxe4 Qxe4 21.
Re1 Bh6 22. Qd1 Qf5 23. Qb3 b5 24. Qd1 Rf8 25. Rf1 Ne5 26. Qd4 Bg7 27. Qe3 Nf3+
0-1

[Event "AUTO-ADV-2003"]
[Site "http://www.queenalice.com/game.php?id=871498"]
[Date "2010.12.13"]
[Round "1"]
[White "kiteflyer"]
[Black "Paulo2008"]
[Result "0-1"]
[WhiteElo "1634"]
[BlackElo "2001"]

1. e4 e6 2. d4 d5 3. e5 c5 4. c3 Qb6 5. Nf3 Nc6 6. a3 Nge7 7. Be2 Nf5 8. O-O
cxd4 9. cxd4 Ncxd4 10. Nxd4 Nxd4 11. Be3 Bc5 12. b4 Nxe2+ 13. Qxe2 Bxe3 14. fxe3
Bd7 15. Nd2 Bb5 0-1

[Event "AUTO-MASTER-1295"]
[Site "http://www.queenalice.com/game.php?id=871575"]
[Date "2010.12.14"]
[Round "1"]
[White "afonso092"]
[Black "Paulo2008"]
[Result "1-0"]
[WhiteElo "1929"]
[BlackElo "1920"]

1. e4 e6 2. d4 d5 3. exd5 exd5 4. a3 Nf6 5. h3 Bd6 6. Nf3 Be6 7. Bd3 Nbd7 8. O-O
O-O 9. c3 Re8 10. Be3 c5 11. Ng5 h6 12. Nxe6 Rxe6 13. Nd2 Qc7 14. Bf5 Re7 15.
Qf3 Rae8 16. Rfe1 cxd4 17. cxd4 Nb6 18. Bd3 Qd7 19. Re2 Bc7 20. Rae1 Bd6 21.
Bxh6 gxh6 22. Qxf6 Rxe2 23. Rxe2 Rxe2 24. Bxe2 Qe6 25. Qxe6 fxe6 26. Nf3 Na4 27.
b4 Nc3 28. Bd3 Na4 29. Ne5 Kg7 30. f4 Nb6 31. Kf2 1-0

[Event "AUTO-MASTER-1295"]
[Site "http://www.queenalice.com/game.php?id=871576"]
[Date "2010.12.14"]
[Round "1"]
[White "Paulo2008"]
[Black "afonso092"]
[Result "0-1"]
[WhiteElo "1904"]
[BlackElo "1945"]

1. d4 d5 2. Nf3 h6 3. Bf4 Nc6 4. e3 a6 5. c3 Bf5 6. Be2 e6 7. Nbd2 Bd6 8. Bg3
Bxg3 9. hxg3 Nf6 10. O-O O-O 11. Re1 Ne7 12. Bf1 Bg4 13. Qc2 Bf5 14. Qd1 Bg4 15.
Qb3 Rb8 16. Ne5 Bf5 17. Ndf3 Ng4 18. Nxg4 Bxg4 19. Ne5 Bf5 20. Bd3 Bxd3 21. Nxd3
b6 22. Ne5 f6 23. Nf3 g5 24. Qc2 Kg7 25. e4 dxe4 26. Qxe4 Qd6 27. Nd2 Ng6 28.
Qxe6 Qxe6 29. Rxe6 Kf7 30. Rae1 Rfe8 0-1

[Event "AUTO-MASTER-1295"]
[Site "http://www.queenalice.com/game.php?id=871591"]
[Date "2010.12.14"]
[Round "1"]
[White "SacrificioDeRei"]
[Black "Paulo2008"]
[Result "1-0"]
[WhiteElo "2154"]
[BlackElo "1884"]

1. e4 e6 2. d4 d5 3. exd5 exd5 4. Nf3 Nf6 5. Bd3 Bd6 6. O-O O-O 7. Re1 Bg4 8.
Bg5 Nbd7 9. Nbd2 c6 10. c3 Qc7 11. Rc1 Rfe8 12. Qc2 h6 13. Bh4 Bxf3 14. Nxf3 Ne4
15. Re2 Ndf6 16. Rce1 Re6 17. Bxf6 Rxf6 18. Bxe4 dxe4 19. Rxe4 Qd7 20. Ne5 Bxe5
21. Rxe5 Re6 22. Rxe6 fxe6 23. Re5 Rf8 24. Qe4 Re8 25. f4 Kf8 26. g4 Re7 27. Kf2
Kf7 28. Kf3 1-0

[Event "AUTO-MASTER-1295"]
[Site "http://www.queenalice.com/game.php?id=871592"]
[Date "2010.12.14"]
[Round "1"]
[White "Paulo2008"]
[Black "SacrificioDeRei"]
[Result "0-1"]
[WhiteElo "1890"]
[BlackElo "2150"]

1. d4 d5 2. Nf3 Nf6 3. e3 e6 4. Nc3 c5 5. Be2 Nc6 6. O-O Be7 7. Re1 O-O 8. Bf1
b6 9. e4 dxe4 10. Nxe4 Nxd4 11. c3 Nxf3+ 12. Qxf3 Rb8 13. Bg5 Bb7 14. Bxf6 Bxf6
15. Nxf6+ Qxf6 16. Qxf6 gxf6 17. Rad1 Rbd8 18. h3 Bd5 19. b3 Kh8 20. c4 Bc6 21.
Kh2 Kg7 22. Kg1 Rd4 23. Rxd4 cxd4 24. Rd1 e5 25. f3 f5 26. Kf2 Rd8 27. g4 fxg4
28. hxg4 Rd6 0-1

[Event "AUTO-MASTER-1295"]
[Site "http://www.queenalice.com/game.php?id=871601"]
[Date "2010.12.14"]
[Round "1"]
[White "Alligator427"]
[Black "Paulo2008"]
[Result "1-0"]
[WhiteElo "2267"]
[BlackElo "1866"]

1. c4 e6 2. Nc3 Nc6 3. g3 d5 4. cxd5 exd5 5. Bg2 Nf6 6. d3 Bb4 7. Bd2 Kf8 8. Nf3
g6 9. Bh6+ Ke7 10. O-O Be6 11. Ng5 Qd6 12. d4 Rad8 13. Nb5 Qd7 14. Qa4 a6 15.
Na7 Bd6 16. Nxc6+ Qxc6 17. Qxc6 bxc6 18. Nxe6 fxe6 19. Rac1 Kd7 20. Bg7 Nh5 21.
Bxh8 Rxh8 22. Rc2 Rb8 23. Rd1 Ng7 24. Rd3 Nf5 25. e4 Ng7 26. e5 Be7 27. f4 Nf5
28. g4 Ng7 29. Kf2 h6 30. Rdc3 Rb6 31. Bh3 Bh4+ 32. Ke3 1-0

[Event "AUTO-MASTER-1295"]
[Site "http://www.queenalice.com/game.php?id=871602"]
[Date "2010.12.14"]
[Round "1"]
[White "Paulo2008"]
[Black "Alligator427"]
[Result "0-1"]
[WhiteElo "1992"]
[BlackElo "2217"]

1. d4 Nf6 2. Nf3 e6 3. e3 c5 4. Bd3 Nc6 5. c3 b6 6. Nbd2 Bb7 7. Qe2 Be7 8. O-O
O-O 9. Re1 d5 10. e4 dxe4 11. Nxe4 cxd4 12. cxd4 Nxd4 13. Nxd4 Qxd4 14. Nxf6+
Bxf6 15. Be3 Qxb2 16. Qxb2 Bxb2 17. Rab1 Bf6 18. Bb5 Bd5 19. Rec1 Rfc8 20. a4
Bc3 21. h3 Ba2 22. Rxc3 Rxc3 23. Rd1 Bd5 24. Kf1 Bc4+ 25. Bxc4 Rxc4 0-1